Top 10 Atlanta Braves Players of All-Time - Statistics

General Stats
  • This quiz has been taken 768 times
  • The average score is 8 of 10
Answer Stats
WAR Years Position Player % Correct
142.6 1954–1974 OF Hank Aaron
96%
85.3 1993, 1995–2012 3B Chipper Jones
94%
67.3 1993–2003 P Greg Maddux
94%
61.0 1996–2007 OF Andruw Jones
93%
69.5 1988–1999, 2001–2008 P John Smoltz
90%
63.6 1987–2002, 2008 P Tom Glavine
88%
94.0 1952–1966 3B Eddie Mathews
66%
99.3 1942, 1946–1964 P Warren Spahn
65%
47.3 1976–1990 OF Dale Murphy
62%
88.5 1964–1983 P Phil Niekro
60%
No matching quizzes found
Score Distribution
Percent of People with Each Score
Percentile by Number Answered
Your Score History
You have not taken this quiz